Statistics for Florr.io Mobs by Description

Click here to take the quiz!

General Stats

  • This quiz has been taken 86 times
  • The average score is 20 of 50

Answer Stats

DescriptionMob% Correct
PopBubble
61%
Darude (1999)Sandstorm
58%
Wrong game, bud.Digger
55%
This ___ is on fireeeeeeeeeeeeee.Fire Baby Ant
Fire Queen Ant
Fire Soldier Ant
Fire Worker Ant
55%
Ants come in and come out. Can't explain that.Ant Hole
52%
Weak and defenseless, but big dreams.Baby Ant
52%
It stings. Don't touch it.Bee
52%
It's not a leaf, but it is a bug.Leafbug
52%
His name is PatrickStarfish
52%
Cute and harmless.Ladybug
48%
Cute and harmless... if left unprovoked.Ladybug (Dark)
48%
Gotta go FAST... until they get tired.Roach
48%
How do you have this in your gallery?Target Dummy
48%
These aren't quite as nice as the little bees.Hornet
45%
Shiny, cute and mostly harmless.Ladybug (Yellow)
45%
Slurp slurp.Leech
45%
Spooky.Spider
45%
BobSponge
45%
The one who sees all.Termite Overmind
45%
It's hungry and flowers are its favorite meal.Beetle
42%
It's a bit temperamental, probably from working all the time.
These creatures appear to be connected somehow.
Worker Termite
42%
Weak and defenseless, but big dreams.
These creatures appear to be connected somehow.
Baby Termite
39%
Scourge that spawns in the other plane.Beetle (Hel)
39%
Avoid touching it, it hurtsCactus
39%
This ___ is not yet on fire.Fire Ant Egg
39%
HzzzzzzzzzzzzFly
39%
Makes the most delicious jamJellyfish
39%
Termites come in and come out. Can't explain that.Termite Mound
39%
It's a bit temperamental, probably from working all the time.Worker Ant
39%
Not yet an ___ but perhaps soon.Ant Egg
36%
This one loves flowers.Centipede (Evil)
36%
What could be in here?Fire Ant Burrow
36%
Easily scared, be nice.Moth
36%
You must have done something really bad if she's chasing you.Queen Ant
36%
It's got wings and it's ready to use them.
These creatures appear to be connected somehow.
Soldier Termite
36%
This shape... it looks familiar...Square
36%
Don't misunderestimate me.Bush
33%
Mr. ____Crab
33%
You better pray you don't become dinnerMantis
33%
It's got wings and it's ready to use them.Soldier Ant
33%
It's just there, doing its thing.Centipede
30%
A ____. It doesn't do much.Rock
30%
Not an advertisementShell
30%
They are ANGRY.Wasp
30%
GOTTA RUNBumble Bee
27%
Gotta go fast.Centipede (Desert)
27%
PuffyDandelion
21%
Oooooh shiny!Firefly
21%
IT STINGSScorpion
21%
Not yet a _______ but perhaps soon.Termite Egg
21%

Score Distribution

Percentile by Number Answered

Percent of People with Each Score

Your Score History

You have not taken this quiz